Statistics for All Superliga Clubs 22/23

Click here to take the quiz!

General Stats

  • This quiz has been taken 58 times
  • The average score is 10 of 12

Answer Stats

Answer% Correct
FCK
100%
Brøndby
93%
OB
89%
AGF
87%
Midtjylland
87%
Nordsjælland
87%
Aab
85%
Silkeborg
83%
Lyngby
80%
Randers
80%
Horsens
78%
Viborg
78%

Score Distribution

Percentile by Number Answered

Percent of People with Each Score

Your Score History

You have not taken this quiz